[Event "ICS Rated blitz match"]
[Site "207.99.83.227"]
[Date "1999.03.30"]
[Round "?"]
[White "TDChess"]
[Black "Hossa"]
[Result "1-0"]
[WhiteElo "2456"]
[BlackElo "2573"]
[Annotator "Crafty v16.6"]
[PlyCount "113"]

{annotating for player Hossa using a scoring margin of +0.10 pawns. search
time limit is 12.00} 1. Nf3 1... c5 2. e4 d6 3. Nc3 Nc6 4. d4 cxd4 5. Nxd4 e6 (
{8:-0.96} 5... e6 6. Bc4 Be7 7. Nxc6 bxc6 8. Qg4 Bf6 9. O-O Bxc3 10. bxc3 $16)
({8:-0.81} 5... Bd7 6. Be2 g6 7. O-O Bg7 8. Be3 Nxd4 9. Bxd4 9... Nf6 $16) 6.
Nxc6 bxc6 7. Be3 Be7 8. Qd4 Bf6 9. Qc4 Ne7 10. O-O-O O-O 11. f4 Qa5 12. Rxd6
Bxc3 13. Qxc3 Qxa2 14. Rd1 Qa1+ 15. Kd2 Rd8+ 16. Bd3 Qa4 17. Qc5 Rd7 18. Kc3 a5
19. Ra1 Qb4+ 20. Qxb4 axb4+ 21. Kxb4 Rb8+ 22. Kc3 Ng6 23. Rhd1 Rc7 24. Bf1 Bd7
25. Bc5 Re8 26. Bd6 Rb7 27. Ba6 Ra7 28. Bc5 Rxa6 29. Rxa6 Bc8 30. Rxc6 Nxf4 31.
Rcd6 Ne2+ 32. Kd3 Nf4+ 33. Ke3 Nxg2+ 34. Kf2 f5 35. Rd8 Kf7 36. Kxg2 f4 37. h4
h6 38. Rxe8 Kxe8 39. Kf3 g5 40. hxg5 hxg5 41. Rg1 Bd7 42. Rxg5 Kf7 43. Kxf4 Ba4
44. Rg2 Kf6 45. Bd4+ Ke7 46. Ke5 Kf7 47. Kd6 Ke8 48. Rf2 e5 49. Bxe5 Bb5 50.
Bg7 Kd8 51. Rf8+ Be8 52. Bd4 Kc8 53. Rxe8+ Kb7 54. Re7+ Kc8 55. Kc6 Kd8 56. Bf6
Kc8 57. Re8# 1-0

[Event "ICS rated bullet match"]
[Site "207.99.83.227"]
[Date "1999.03.30"]
[Round "?"]
[White "JSBach"]
[Black "Hossa"]
[Result "0-1"]
[WhiteElo "2115"]
[BlackElo "2415"]
[PlyCount "128"]

1. e4 d6 2. Bc4 Nf6 3. Nc3 Nc6 4. Nf3 Nxe4 5. Nxe4 d5 6. Bd3 dxe4 7. Bxe4 Bg4
8. O-O Qd6 9. h3 Bh5 10. d4 O-O-O 11. Be3 e6 12. c3 Bg6 13. Bd3 Qd5 14. c4 Qh5
15. Re1 Bb4 16. Re2 Bc5 17. a3 Nxd4 18. Nxd4 Bxd4 19. Bxg6 hxg6 20. Bxd4 c5 21.
Rd2 cxd4 22. Rxd4 Qe5 23. Rxd8+ Rxd8 24. Qb3 Qg5 25. Rd1 Rxd1+ 26. Qxd1 Qe5 27.
Qc1 g5 28. a4 a5 29. f3 Kc7 30. b3 f6 31. Kf2 Qd4+ 32. Qe3 e5 33. Ke2 Qb2+ 34.
Kf1 b6 35. Qd3 Qa1+ 36. Kf2 Qd4+ 37. Qe3 Kc6 38. Ke2 Qxe3+ 39. Kxe3 Kc5 40. Kd3
Kb4 41. Kc2 f5 42. Kb2 e4 43. fxe4 fxe4 44. c5 Kxc5 45. Kc3 e3 46. Kd3 Kb4 47.
h4 gxh4 48. Kxe3 Kxb3 49. Kf2 Kxa4 50. Ke3 Kb3 51. Kd4 a4 52. Kd5 a3 53. Kc6 a2
54. Kxb6 a1=Q 55. Kc7 Qa8 56. Kd6 Qxg2 57. Ke7 Qc6 58. Kd8 h3 59. Ke7 h2 60.
Kf7 Qf6+ 61. Kg8 g5 62. Kh7 Qf7+ 63. Kh6 h1=Q+ 64. Kxg5 64... Qhh5# {
JSBach checkmated} 0-1

[Event "ICS Rated blitz match"]
[Site "207.99.83.227"]
[Date "1999.03.30"]
[Round "?"]
[White "Hossa"]
[Black "TDChess"]
[Result "0-1"]
[WhiteElo "2552"]
[BlackElo "2477"]
[Annotator "Crafty v16.6"]
[PlyCount "96"]

{annotating for player Hossa using a scoring margin of +0.10 pawns. search
time limit is 12.00} 1. e4 1... e6 2. Nf3 d5 3. exd5 exd5 4. Bb5+ c6 5. Be2 Nf6
6. O-O Bd6 7. d3 O-O 8. Bg5 h6 9. Bxf6 ({8:-0.26} 9. Bxf6 9... Qxf6 10. Nc3 Bf5
11. Re1 Nd7 12. Qd2 Rae8 13. Rad1 $10) ({8:+0.07} 9. Bd2 9... Re8 10. Nc3 d4
11. Nxd4 Bxh2+ 12. Kxh2 Qxd4 13. Kg1 $10) 9... Qxf6 10. Nc3 Re8 11. Re1 Bg4 12.
Rb1 Na6 13. h3 ({8:-0.71} 13. h3 13... Bxf3 14. Bxf3 Rxe1+ 15. Qxe1 Qf4 16. Kf1
Nb4 17. Rc1 d4 18. Ne2 $17) ({8:-0.54} 13. Nd2 13... Bf5 14. Bf1 Rxe1 15. Qxe1
Nb4 16. Qd1 Re8 17. Be2 $15) 13... Bxf3 14. Bxf3 Qf4 15. Rxe8+ Rxe8 16. g3 Qd4
17. Ne2 Qf6 18. Bg4 g6 19. Nc3 h5 20. Bxh5 gxh5 21. Qxh5 Bc5 22. Qg4+ Kf8 23.
Rf1 Bd4 24. Nd1 Bxb2 25. Qd7 Nc5 26. Qc7 Bd4 27. Qa5 Qf3 28. Qc7 Ne6 29. Qd6+
Kg7 30. Kh2 Qe2 31. Kg2 Bc5 32. Qd7 Re7 33. Qc8 Qxc2 34. Qb8 f6 35. h4 Qxa2 36.
h5 Qe2 37. Rh1 Qxd3 38. h6+ Kh7 39. Rf1 Qe4+ 40. Kg1 Nd4 41. Qc8 Nf3+ 42. Kh1
Nd2+ 43. f3 Qd3 44. Ne3 Nxf1 45. Ng2 Qxf3 46. Qf8 Nxg3+ 47. Kh2 Nf1+ 48. Kh1
Qh3# 0-1

[Event "ICS rated bullet match"]
[Site "207.99.83.227"]
[Date "1999.03.30"]
[Round "?"]
[White "Hossa"]
[Black "JSBach"]
[Result "1-0"]
[WhiteElo "2420"]
[BlackElo "2110"]
[PlyCount "109"]

1. e4 e5 2. Nf3 Qf6 3. Bd3 Nc6 4. O-O Bb4 5. c3 Be7 6. Bb5 Nh6 7. d3 Ng8 8. Bg5
Qe6 9. Nbd2 a6 10. Bxc6 dxc6 11. Nc4 f6 12. Be3 b5 13. Na5 c5 14. Nb3 Qc6 15.
Nh4 g6 16. a4 Bb7 17. Na5 Qb6 18. b4 f5 19. Bxc5 Bxc5 20. Nxb7 Be7 21. exf5
Bxh4 22. Nc5 Be7 23. Qe2 gxf5 24. axb5 Qf6 25. bxa6 Bxc5 26. bxc5 Ne7 27. Rfe1
Ng6 28. d4 Qc6 29. f3 Rb8 30. Ra5 Qe6 31. dxe5 O-O 32. a7 Rbe8 33. Qe3 Ra8 34.
f4 Rfd8 35. Rf1 Kf7 36. Qh3 Kg8 37. Qh5 Rd3 38. Rb1 Qc8 39. Qe2 Rxc3 40. Qd2
Nxf4 41. Qxf4 Kh8 42. Rab5 h6 43. Qxh6+ Kg8 44. Rb8 Kf7 45. Qf6+ Kg8 46. Rxc8+
Rxc8 47. Qe6+ Kg7 48. Qxc8 Ra3 49. Qxc7+ Kg6 50. c6 Ra6 51. Qb7 Ra5 52. c7 Rxa7
53. Qxa7 Kf7 54. Rb6 f4 55. c8=Q# {JSBach checkmated} 1-0

[Event "ICS Rated blitz match"]
[Site "207.99.83.227"]
[Date "1999.03.30"]
[Round "?"]
[White "erce"]
[Black "Hossa"]
[Result "1-0"]
[WhiteElo "2392"]
[BlackElo "2533"]
[Annotator "Crafty v16.6"]
[PlyCount "71"]

{annotating for player Hossa using a scoring margin of +0.10 pawns. search
time limit is 12.00} 1. e4 1... d6 2. d4 Nf6 3. Nc3 c6 ({8:-0.55} 3... c6 4.
Nf3 d5 5. e5 Ne4 6. Nxe4 dxe4 7. Ng5 7... Bf5 $14) ({8:-0.36} 3... Nc6 4. Bb5
Bd7 5. Nf3 a6 6. Bc4 Na5 7. Bd3 $14) 4. Be3 e6 ({8:-0.55} 4... e6 5. Nf3 Be7 6.
Be2 O-O 7. O-O Nbd7 8. Qd3 $14) ({8:-0.37} 4... Qb6 5. Rb1 Ng4 6. Bg5 f6 7. Bh4
Qb4 8. Nf3 $14) 5. f4 Be7 ({9:-0.25} 5... Be7 6. Qf3 O-O 7. O-O-O Bd7 8. Nh3
Na6 9. Bc4 9... Nb4 $10) ({9:-0.05} 5... Qb6 6. Bc1 Be7 7. e5 Nd5 8. Nxd5 exd5
9. exd6 Qb4+ 10. Bd2 10... Qxd6 $10) 6. Nf3 O-O ({9:-0.14} 6... O-O 7. Qd3 Na6
8. O-O-O Ng4 9. Qd2 Nxe3 10. Qxe3 Nb4 11. Bc4 $10) ({9:+0.06} 6... Qb6 7. e5
Nd5 8. Nxd5 cxd5 9. Qc1 O-O 10. Bd3 dxe5 11. fxe5 Qb4+ 12. c3 $10) 7. Bd3 Ng4 (
{8:-0.09} 7... Ng4 8. Qe2 d5 9. O-O-O Nxe3 10. Qxe3 Bb4 11. Ne2 dxe4 12. Bxe4
$10) ({8:+0.21} 7... Qb6 8. e5 Ng4 9. Bc1 c5 10. d5 dxe5 11. fxe5 exd5 12. Nxd5
$10) 8. Bd2 e5 9. dxe5 dxe5 ({8:-0.07} 9... dxe5 10. Nxe5 Nxe5 11. fxe5 Qb6 12.
Bc1 Nd7 13. Qh5 Rd8 14. Bc4 $10) ({8:+0.04} 9... Qb6 10. Qe2 Qxb2 11. Rb1 Qa3
12. h3 Nh6 13. O-O $10) 10. f5 Qb6 ({8:+0.77} 10... Qb6 11. Qe2 Qxb2 12. Rb1
Qa3 13. h3 Nf6 14. Nxe5 $17) ({8:+0.96} 10... Bc5 11. Qe2 Nf2 12. Rf1 Nxd3+ 13.
Qxd3 Qxd3 14. cxd3 Nd7 15. Rc1 15... Rd8 $17) 11. Qe2 Qxb2 12. Rb1 Qa3 13. h3
Nf6 14. g4 Bb4 ({8:+1.50} 14... Bb4 15. Rb3 Qa5 16. Nxe5 Nbd7 17. Nxd7 Nxd7 18.
O-O Bxc3 19. Bxc3 19... Qxa2 $17) ({8:+1.85} 14... Nbd7 15. O-O Qd6 16. Rf2 Nc5
17. Bg5 Nxd3 18. Qxd3 Qxd3 19. cxd3 $19) 15. Rb3 Qa5 16. a3 Be7 17. O-O Bxa3
18. Nd5 Bc5+ 19. Kh1 Qd8 20. Nxf6+ gxf6 21. g5 Qe7 22. gxf6 Qxf6 23. Ng5 h6 24.
Qh5 hxg5 25. Bxg5 Qh8 26. Bh6 Qh7 27. Bc4 Kh8 28. Rg3 Rg8 29. Rff3 Rxg3 30.
Rxg3 Bf8 31. Qg5 Nd7 32. Bxf8 Qg6 33. fxg6 Rb8 34. Bxf7 a5 35. g7+ Kh7 36. Qg6#
1-0

[Event "ICS Rated blitz match"]
[Site "207.99.83.227"]
[Date "1999.03.30"]
[Round "?"]
[White "Hossa"]
[Black "Kanchelis"]
[Result "0-1"]
[WhiteElo "2511"]
[BlackElo "2329"]
[Annotator "Crafty v16.6"]
[PlyCount "82"]

{annotating for player Hossa using a scoring margin of +0.10 pawns. search
time limit is 12.00} 1. e4 1... c6 2. Nc3 d5 3. exd5 Nf6 4. dxc6 Nxc6 5. Bb5 e5
6. Qe2 ({8:+0.97} 6. Qe2 6... Bd6 7. f4 Qe7 8. Bxc6+ bxc6 9. fxe5 Bxe5 10. Nf3
Bf4 11. Qxe7+ Kxe7 12. O-O $16) ({8:+1.11} 6. Nf3 6... Bd6 7. d4 exd4 8. Qxd4
Bf5 9. Bxc6+ bxc6 10. O-O O-O 11. Rd1 $16) 6... Bd6 7. Bxc6+ bxc6 8. Nf3 O-O 9.
O-O Re8 10. d3 Rb8 11. Qe3 ({8:+0.89} 11. Qe3 11... c5 12. Ne4 Nxe4 13. Qxe4
Rb4 14. Qa8 Bb7 15. Qxa7 Bxf3 16. gxf3 $16) ({8:+1.04} 11. Rb1 11... Nd5 12.
Bg5 f6 13. Be3 Nxc3 14. bxc3 Rxb1 15. Rxb1 15... Be6 $16) 11... Qc7 12. Ne4
Nxe4 13. Qxe4 f5 14. Qh4 f4 15. Qh5 ({9:+1.09} 15. Qh5 15... Qf7 16. Qxf7+ Kxf7
17. Ng5+ Kg8 18. Ne4 Bc7 19. Re1 Bg4 20. Nc5 20... f3 $16) ({9:+1.44} 15. Ng5
15... Bf5 16. Ne4 Bxe4 17. dxe4 Rb4 18. Re1 Qe7 19. Qh5 19... Rd4 $16) 15... g6
16. Qh6 Bf8 17. Qh4 Qg7 18. g4 Be7 19. g5 Bf5 20. Re1 Bd6 21. Nd2 Qd7 22. Nc4
Bc7 23. Rd1 Qd5 24. Rf1 Qf3 25. Nd2 Qe2 26. f3 Qe3+ 27. Kh1 Qd4 28. Qh6 Qc5 29.
Nc4 e4 30. b4 Rxb4 31. Bb2 Rxb2 32. Nxb2 exf3 33. Nc4 f2 34. Kg2 Qd5+ 35. Kxf2
Bb6+ 36. Nxb6 Qd4+ 37. Kf3 Re3+ 38. Kf2 Re2+ 39. Kxe2 Qe3+ 40. Kd1 Bg4+ 41. Rf3
Bxf3# 0-1

[Event "ICS Rated blitz match"]
[Site "207.99.83.227"]
[Date "1999.03.30"]
[Round "?"]
[White "Emi-theGreat"]
[Black "Hossa"]
[Result "0-1"]
[WhiteElo "1885"]
[BlackElo "2508"]
[PlyCount "64"]

1. e4 e5 2. Nf3 Nc6 3. Bb5 a6 4. Ba4 Nf6 5. O-O Be7 6. Re1 b5 7. Bb3 d6 8. c3
O-O 9. h3 Bb7 10. d4 exd4 11. cxd4 d5 12. e5 Ne4 13. Nc3 Nxc3 14. bxc3 f6 15.
Bd2 fxe5 16. Nxe5 Nxe5 17. Rxe5 Bh4 18. g3 Bf6 19. Re6 Qd7 20. Qe2 Rad8 21. Re1
Bc8 22. Kg2 Qxe6 23. Qxe6+ Bxe6 24. Rxe6 a5 25. Rc6 a4 26. Bd1 Rf7 27. Bf3 b4
28. Be3 b3 29. axb3 axb3 30. Rc5 c6 31. Rxc6 Rb7 32. Rc8 32... Rxc8 {
Emi-theGreat resigns} 0-1

[Event "ICS Rated blitz match"]
[Site "207.99.83.227"]
[Date "1999.03.30"]
[Round "?"]
[White "Fallen-Star"]
[Black "Hossa"]
[Result "0-1"]
[WhiteElo "2222"]
[BlackElo "2524"]
[PlyCount "40"]

1. e4 c5 2. Nf3 Nc6 3. d4 cxd4 4. Nxd4 Qb6 5. Nb3 Nf6 6. Nc3 e6 7. Be2 Bb4 8.
O-O Bxc3 9. bxc3 Nxe4 10. Bd3 Nxc3 11. Qh5 Nb4 12. Bb2 Qc7 13. Rae1 Nbxa2 14.
Re3 h6 15. Rg3 Rg8 16. Qxh6 gxh6 17. Rxg8+ Ke7 18. Ba3+ d6 19. Nd4 Qa5 20. Nb5
20... Nxb5 {Fallen-Star resigns} 0-1

[Event "ICS rated blitz match"]
[Site "207.99.83.227"]
[Date "1999.03.30"]
[Round "?"]
[White "TDChess"]
[Black "Hossa"]
[Result "1-0"]
[WhiteElo "2502"]
[BlackElo "2519"]
[Annotator "Crafty v16.6"]
[PlyCount "147"]

{annotating for player Hossa using a scoring margin of +0.10 pawns. search
time limit is 12.00} 1. Nf3 1... d5 2. d4 Nf6 3. c4 c6 ({8:-0.25} 3... c6 4. c5
b6 5. Nc3 bxc5 6. dxc5 Na6 7. Ne5 7... Nb4 $10) ({8:+0.05} 3... dxc4 4. Qa4+
Nc6 5. Nc3 Be6 6. Ne5 Qd6 7. Nxc6 bxc6 8. Qd1 $10) 4. e3 Bf5 5. cxd5 Bxb1 6.
Rxb1 Qxd5 7. b3 e6 8. Bd2 Qd8 ({10:-0.63} 8... Qd8 9. Bd3 Be7 10. O-O O-O 11.
Ne5 Nbd7 12. Nxd7 Qxd7 13. f4 13... c5 $14) ({10:-0.36} 8... Bd6 9. Bc4 Qf5 10.
O-O O-O 11. Rc1 Ne4 12. Nh4 Qf6 13. Nf3 Nxd2 14. Qxd2 $14) 9. Bd3 Be7 10. Qc2
Nbd7 ({9:-0.66} 10... Nbd7 11. O-O O-O 12. Ng5 g6 13. Ne4 e5 14. Nc5 Nxc5 15.
dxc5 $14) ({9:-0.50} 10... Qd5 11. O-O O-O 12. Ne5 c5 13. Bc4 Qe4 14. Bd3 14...
Qd5 $14) 11. e4 Rc8 ({9:-0.64} 11... Rc8 12. O-O h6 13. e5 Nd5 14. Bc4 O-O 15.
Qe4 15... Re8 $14) ({9:-0.50} 11... c5 12. e5 Nd5 13. dxc5 Nxc5 14. Bxh7 Qd7
15. Be4 Nxe4 16. Qxe4 16... O-O $14) 12. b4 Qb6 ({9:-0.79} 12... Qb6 13. O-O
Qd8 14. Rfc1 Qb6 15. Bg5 O-O 16. e5 Nd5 17. Bxh7+ $16) ({9:-0.56} 12... h6 13.
O-O O-O 14. Be2 Ng4 15. Ne1 Ngf6 16. Bf4 16... Re8 $14) 13. a4 Qd8 ({9:-0.92} 
13... Qd8 14. e5 Nd5 15. Bxh7 Qb6 16. Be4 Nxb4 17. Qc4 17... a5 $16) ({9:-0.68
} 13... h6 14. a5 Qc7 15. a6 b6 16. O-O O-O 17. Rbc1 17... Qd6 $14) 14. a5 Ng4
({8:-0.89} 14... Ng4 15. e5 h5 16. h3 Nh6 17. a6 bxa6 18. Bxa6 18... Rc7 $16) (
{8:-0.77} 14... h6 15. O-O O-O 16. a6 b6 17. e5 Nd5 18. Bh7+ Kh8 19. Be4 $16)
15. h3 Ngf6 16. O-O h6 17. a6 b6 18. Bf4 Nh5 19. Bh2 O-O 20. Be2 Nhf6 21. Nd2
c5 22. dxc5 bxc5 23. b5 Nb6 24. Nf3 Qe8 25. Ne5 Bd6 26. Rfd1 Rd8 27. Bf4 Bxe5
28. Bxe5 Qe7 29. Rbc1 Rxd1+ 30. Rxd1 Rc8 31. Bd6 Qe8 32. e5 Nfd5 33. Rb1 c4 34.
h4 Qd8 35. h5 Qh4 36. Bf3 c3 37. Rd1 Qg5 38. Rd3 Qf5 39. g4 Qh7 40. Bd1 Qe4 41.
Rg3 Qe1+ 42. Kh2 Qf1 43. g5 Rc4 44. Bg4 Rf4 45. Bc5 Qxb5 46. Ba3 Qc4 47. Bh3
hxg5 48. Bc1 Re4 49. Bxg5 Re2 50. Qc1 Rxf2+ 51. Bg2 Qe2 52. Bh6 Qxh5+ 53. Kg1
Ra2 54. Rxg7+ Kh8 55. Rg3 Qh4 56. Bg7+ Kg8 57. Qe1 Qd4+ 58. Kh2 Rxa6 59. Bh6+
Kh7 60. Rh3 Qg4 61. Be4+ f5 62. exf6+ Kg8 63. Rg3 Nxf6 64. Bf3 Ra2+ 65. Kg1 Kh7
66. Bxg4 Nbd5 67. Rh3 c2 68. Qxe6 Ra1+ 69. Kg2 Rg1+ 70. Kxg1 c1=Q+ 71. Bxc1+
Kg7 72. Bh6+ Kh8 73. Qf7 Nxg4 74. Qg7# 1-0

[Event "ICS rated blitz match"]
[Site "207.99.83.227"]
[Date "1999.03.30"]
[Round "?"]
[White "Hossa"]
[Black "TDChess"]
[Result "1/2-1/2"]
[WhiteElo "2502"]
[BlackElo "2519"]
[PlyCount "259"]

1. e4 e6 2. d4 d5 3. Nd2 f5 4. exf5 exf5 5. Bd3 Nc6 6. Ne2 Nf6 7. Bb5 Bd7 8.
O-O Be7 9. Bxc6 Bxc6 10. Ng3 f4 11. Nh5 Nxh5 12. Qxh5+ g6 13. Qh6 Bd7 14. Qg7
Rf8 15. c3 Bg4 16. Qxh7 Qd6 17. Re1 Kd8 18. Nb3 Rc8 19. Nc5 Rb8 20. Nd3 Qf6 21.
Bxf4 Bd6 22. Bxd6 cxd6 23. Qh6 Kc7 24. a4 Bd7 25. Qd2 Qh4 26. a5 Rh8 27. Qf4
Rbf8 28. Qxh4 Rxh4 29. Re7 Rfh8 30. h3 Re8 31. Rxe8 Bxe8 32. Nb4 Bc6 33. Ra3
Re4 34. a6 b6 35. Rb3 Re1+ 36. Kh2 g5 37. Kg3 Re4 38. Ra3 Re2 39. b3 Re4 40.
Ra1 Kd7 41. f3 Rf4 42. Ra3 Rh4 43. Ra2 Rf4 44. Nd3 Rf8 45. Ra3 Rc8 46. Kg4 Ba8
47. Kxg5 Rg8+ 48. Kf4 Rxg2 49. h4 Rc2 50. b4 Bc6 51. h5 Bb5 52. Ke3 Bxd3 53.
Kxd3 Rh2 54. f4 Rxh5 55. Ra1 Rh3+ 56. Kc2 Kc6 57. Rg1 Kb5 58. Rg7 Kxa6 59. Rg6
Kb5 60. Rxd6 Kc4 61. Rc6+ Kb5 62. Rc7 Rf3 63. Rxa7 Rxf4 64. Kb3 Kc6 65. Ka4 Rf1
66. Rh7 b5+ 67. Kb3 Rb1+ 68. Kc2 Rf1 69. Rh8 Rf2+ 70. Kb3 Kb6 71. Rb8+ Kc6 72.
Rc8+ Kb6 73. Rc5 Rf5 74. Kc2 Rg5 75. Kd2 Rh5 76. Ke1 Rf5 77. Ke2 Ka6 78. Kd1
Kb6 79. Ke1 Ka6 80. Ke2 Kb6 81. Ke3 Ka6 82. Rc6+ Ka7 83. Re6 Rf8 84. Re5 Rd8
85. Re7+ Kb6 86. Kf4 Rc8 87. Re6+ Kb7 88. Re3 Rf8+ 89. Kg5 Rg8+ 90. Kf5 Rf8+
91. Kg6 Rg8+ 92. Kh7 Rg4 93. Re7+ Kc6 94. Re6+ Kc7 95. Ra6 Rg3 96. Ra3 Kd6 97.
Kh6 Ke6 98. Ra6+ Kf5 99. Rc6 Rh3+ 100. Kg7 Ke4 101. Rc5 Rf3 102. Kg6 Rh3 103.
Kg5 Rf3 104. Kg4 Rf4+ 105. Kh5 Rf3 106. Kg5 Rf5+ 107. Kg6 Rf3 108. Kg7 Kd3 109.
Rxb5 Kxc3 110. Rxd5 Kxb4 111. Rd8 Kc4 112. d5 Rd3 113. d6 Kc5 114. Rc8+ Kb4
115. Rc6 Kb5 116. Rc2 Rxd6 117. Re2 Rd8 118. Rf2 Re8 119. Rg2 Re7+ 120. Kh6 Rf7
121. Rh2 Rf8 122. Rg2 Rh8+ 123. Kg7 Rh5 124. Rg1 Rh4 125. Rf1 Rh5 126. Rg1 Rh4
127. Rf1 Rh5 128. Rg1 Rh4 129. Rf1 Rh5 130. Rg1 {Game drawn by repetition}
1/2-1/2

[Event "ICS rated blitz match"]
[Site "207.99.83.227"]
[Date "1999.03.30"]
[Round "?"]
[White "TDChess"]
[Black "Hossa"]
[Result "1-0"]
[WhiteElo "2518"]
[BlackElo "2503"]
[Annotator "Crafty v16.6"]
[PlyCount "143"]

{annotating for player Hossa using a scoring margin of +0.10 pawns. search
time limit is 12.00} 1. Nf3 1... c5 2. e4 d6 3. Nc3 Nc6 4. d4 cxd4 5. Nxd4 g6
6. Nxc6 bxc6 7. Bc4 Bg7 8. Qd3 Rb8 ({9:-0.57} 8... Rb8 9. O-O Nh6 10. Rb1 O-O
11. Be3 c5 12. Qd5 12... Bg4 $14) ({9:-0.36} 8... Nf6 9. O-O O-O 10. Be3 Bg4
11. f3 Bh5 12. Rad1 12... Rb8 $14) 9. Bb3 Qa5 ({8:-0.81} 9... Qa5 10. O-O Ba6
11. Bc4 Bxc3 12. Bxa6 Bxb2 13. Bd2 $16) ({8:-0.46} 9... Nf6 10. Be3 Qc7 11. O-O
O-O 12. Qd4 c5 13. Qd3 $14) 10. Bd2 Nf6 11. O-O-O Qc7 12. Rhf1 O-O 13. Kb1 Rb4
({8:-0.22} 13... Rb4 14. f3 Bb7 15. Ne2 Rb5 16. Be3 d5 17. exd5 17... Nxd5 $10)
({8:-0.02} 13... Nd7 14. Na4 Ne5 15. Qe2 Bd7 16. Bg5 Bg4 17. f3 $10) 14. f4 Bg4
15. Rc1 Rfb8 ({7:-0.62} 15... Rfb8 16. f5 a5 17. fxg6 hxg6 18. Bg5 R8b6 19. Rf4
$14) ({7:-0.18} 15... Qb7 16. f5 c5 17. fxg6 hxg6 18. Nd5 c4 19. Nxf6+ Bxf6 20.
Qg3 cxb3 21. Bxb4 Qxb4 22. Qxg4 bxa2+ 23. Kxa2 23... Bxb2 $10) 16. a3 R4b7 17.
f5 Bh5 18. fxg6 Bxg6 19. Bf4 Nd7 20. Na4 c5 21. Qc4 Qc6 22. Rce1 Ne5 23. Bxe5
Bxe5 24. g3 a6 25. Rf3 Kh8 26. Qd5 Qc7 27. Qd3 Qa5 28. Rff1 Bxb2 29. Nxb2 Qxa3
30. Re3 f6 31. Qd5 a5 32. Nc4 Qa4 33. Kb2 Qb5 34. Kc1 Qe8 35. Nd2 a4 36. Bc4
Bh5 37. h3 Qg6 38. Qd3 Qg5 39. Qa3 Rb6 40. h4 Qh6 41. Be6 Ra6 42. g4 Bg6 43. h5
Be8 44. Nc4 Bb5 45. Kd2 Raa8 46. Bd5 Bxc4 47. Bxc4 Qg5 48. Be6 Ra7 49. Qa2 Rb4
50. Ke2 a3 51. Kf3 Rb2 52. Qa1 Qh4 53. Rh1 Qg5 54. Rxa3 Rxa3+ 55. Qxa3 Rb8 56.
Qa7 Re8 57. Qd7 Ra8 58. Qxe7 Qe5 59. Rd1 c4 60. h6 f5 61. gxf5 Rg8 62. Qxd6
Qc3+ 63. Kf2 Qxc2+ 64. Rd2 Qxe4 65. Qg3 Qxf5+ 66. Bxf5 Rxg3 67. Kxg3 Kg8 68.
Rd7 c3 69. Bxh7+ Kf8 70. Bg6 c2 71. h7 c1=Q 72. h8=Q# 1-0

[Event "ICS rated blitz match"]
[Site "207.99.83.227"]
[Date "1999.03.30"]
[Round "?"]
[White "Hossa"]
[Black "Fallen-Star"]
[Result "1-0"]
[WhiteElo "2488"]
[BlackElo "2319"]
[PlyCount "63"]

1. e4 c6 2. Nc3 d5 3. exd5 cxd5 4. Bb5+ Bd7 5. Nf3 Bxb5 6. Nxb5 Nc6 7. O-O Nf6
8. d4 e6 9. Bf4 Rc8 10. Bg5 Be7 11. Kh1 O-O 12. Bxf6 Bxf6 13. Re1 a6 14. Nc3 b5
15. Qd3 Qb6 16. Rad1 Nb4 17. Qd2 a5 18. a3 Nc6 19. Na2 b4 20. axb4 axb4 21. Nc1
Na5 22. Nd3 Be7 23. Ra1 Nc4 24. Qf4 b3 25. c3 Qb5 26. Ra7 Bd6 27. Qh4 h6 28.
Qh5 Na3 29. Nde5 Nc2 30. Nxf7 Nxe1 31. Nxh6+ Kh7 32. Nf7+ {Fallen-Star resigns}
1-0

[Event "ICS rated blitz match"]
[Site "207.99.83.227"]
[Date "1999.03.30"]
[Round "?"]
[White "Fallen-Star"]
[Black "Hossa"]
[Result "1-0"]
[WhiteElo "2310"]
[BlackElo "2497"]
[Annotator "Crafty v16.6"]
[PlyCount "95"]

{annotating for player Hossa using a scoring margin of +0.10 pawns. search
time limit is 12.00} 1. d4 1... Nf6 2. Nf3 e6 3. Bg5 Bb4+ ({8:-0.21} 3... Bb4+
4. Nbd2 Nc6 5. e4 Bxd2+ 6. Nxd2 Nxd4 7. e5 h6 8. exf6 hxg5 9. fxg7 $10) ({
8:-0.01} 3... Be7 4. e3 c5 5. Bb5 cxd4 6. Nxd4 a6 7. Bxf6 Bxf6 8. Bc4 $10) 4.
c3 Be7 5. Nbd2 d5 ({9:-0.39} 5... d5 6. e3 O-O 7. Bd3 Nc6 8. Bxf6 Bxf6 9. Qc2
9... Re8 $14) ({9:-0.28} 5... O-O 6. e3 c5 7. Bxf6 Bxf6 8. dxc5 d6 9. cxd6 Qxd6
10. Ne4 Qe7 11. Nxf6+ 11... Qxf6 $10) 6. e3 Nbd7 7. Bd3 c5 8. O-O O-O 9. Ne5 c4
({8:-0.54} 9... c4 10. Nxd7 Bxd7 11. Bc2 Qb6 12. Rb1 Qd6 13. f4 13... Rad8 $14)
({8:-0.36} 9... Nxe5 10. dxe5 Nd7 11. Bf4 c4 12. Bc2 Nc5 13. Qh5 13... Nd3 $14)
10. Bc2 Rb8 ({9:-0.76} 10... Rb8 11. Bf4 Ra8 12. Qf3 Qb6 13. Rab1 Qd8 14. Rbe1
Nxe5 15. Bxe5 $16) ({9:-0.56} 10... Nxe5 11. dxe5 Nd7 12. Bf4 Nc5 13. Qg4 Qc7
14. Qe2 Qd7 15. Qh5 $14) 11. f4 Ra8 ({9:-0.83} 11... Ra8 12. Ndf3 Kh8 13. Nxd7
Nxd7 14. Qd2 f6 15. Bh4 g5 16. Bg3 gxf4 17. Bxf4 $16) ({9:-0.69} 11... Nxe5 12.
fxe5 Ne8 13. Qh5 h6 14. Bf4 Bd7 15. Nf3 Nc7 16. Rae1 $14) 12. Kh1 Bd6 ({8:-0.81
} 12... Bd6 13. Qe2 Be7 14. Ndf3 Nh5 15. Nxd7 Bxd7 16. Kg1 16... Rc8 $16) ({
8:-0.60} 12... h6 13. Nxd7 Bxd7 14. Bh4 Qb6 15. Rb1 Qa6 16. Bxf6 Bxf6 17. Ra1
$14) 13. e4 Qb6 ({8:-0.57} 13... Qb6 14. Nxd7 Nxd7 15. e5 Bc7 16. Rb1 Bd8 17.
Qh5 Bxg5 18. Qxg5 $14) ({8:-0.36} 13... Nb6 14. Nxf7 Rxf7 15. e5 Be7 16. exf6
Bxf6 17. Nf3 $14) 14. exd5 exd5 15. b3 cxb3 16. axb3 Re8 17. Qf3 Qc7 18. Qd3
Nf8 19. Bxf6 gxf6 20. Qg3+ Kh8 21. Ng4 Bxg4 22. Qxg4 Qxc3 23. Qf5 Qxd2 24.
Qxf6+ Kg8 25. Qg5+ Ng6 26. Bxg6 hxg6 27. Rad1 Qa5 28. f5 Be7 29. f6 Bf8 30. h4
Rac8 31. h5 Qb6 32. hxg6 Red8 33. g7 Qxf6 34. Qxf6 Bxg7 35. Qxf7+ Kh7 36. Rf5
Rc6 37. Rh5+ Rh6 38. Rxh6+ Kxh6 39. Rf1 Rf8 40. Qe6+ Kh7 41. Rxf8 Bxf8 42. g4
Bb4 43. g5 a5 44. g6+ Kh6 45. Qf7 b6 46. g7 Bc3 47. g8=Q Bxd4 48. Qgg6# 1-0

[Event "ICS rated blitz match"]
[Site "207.99.83.227"]
[Date "1999.03.30"]
[Round "?"]
[White "Fallen-Star"]
[Black "Hossa"]
[Result "0-1"]
[WhiteElo "2314"]
[BlackElo "2473"]
[PlyCount "108"]

1. d4 Nf6 2. Nf3 e6 3. Bg5 Be7 4. Nbd2 O-O 5. e4 d5 6. e5 Ne4 7. Bxe7 Qxe7 8.
Bd3 Qb4 9. O-O Nxd2 10. Qxd2 Qxd2 11. Nxd2 b6 12. f4 c5 13. dxc5 bxc5 14. c4
Nd7 15. Rfc1 d4 16. Ne4 Rb8 17. b3 Bb7 18. Nd6 f6 19. exf6 Rxf6 20. g3 e5 21.
Nxb7 Rxb7 22. Be4 Rbb6 23. fxe5 Nxe5 24. Rf1 d3 25. Rxf6 gxf6 26. Rd1 Rd6 27.
Bd5+ Kg7 28. h3 Ra6 29. Rd2 f5 30. Kf2 Rh6 31. Bg2 Rf6 32. Ke3 Re6 33. Kf4 Ng6+
34. Kf3 Kf6 35. Bf1 Ne5+ 36. Kf4 Rd6 37. Bg2 Rd4+ 38. Ke3 Rd7 39. Bd5 Rg7 40.
Kf4 a5 41. a3 Rg6 42. Rd1 Rg5 43. Rd2 Rg7 44. Rd1 h5 45. Rd2 Rh7 46. Rd1 h4 47.
g4 fxg4 48. hxg4 Rg7 49. Rg1 Rg5 50. Bf3 d2 51. Rd1 a4 52. Rxd2 axb3 53. Rb2
Nd3+ 54. Ke4 54... Nxb2 {Fallen-Star resigns} 0-1